| 000 | 00755nam a2200241 4500 | ||
|---|---|---|---|
| 003 | OSt | ||
| 005 | 20240708020849.0 | ||
| 006 | a | ||
| 008 | 240708b |||||||| |||| 00| 0 eng d | ||
| 020 | _a0131228781 | ||
| 040 |
_aDWCL-HMN lib. _cOC |
||
| 082 |
_2Seventh edition _aCirc. 610.73 F981 2004 |
||
| 100 | _aKozier, Barbara et.al. | ||
| 245 | _aFundamentals of nursing: concepts, process and practice / | ||
| 250 | _aSeventh edition | ||
| 260 |
_aS.l. : _bPearson Education International, _cc2004. |
||
| 300 |
_axxxiii, _b1,516 p. : col. ill. ; _c28 cm. |
||
| 504 | _aIncludes glossary and index. | ||
| 650 | _a1. Nursing. | ||
| 650 | _a2. Nursing Process. | ||
| 650 | _a3. Nursing Care. | ||
| 942 |
_2ddc _n0 _cBK-CIRC _eSeventh edition _kCirc. |
||
| 999 |
_c2076 _d2076 |
||